Poetas líricos de los siglos XVI y XVII colección ordenada por Adolfo de Castro
Wedi'i Gadw mewn:
| Awdur Corfforaethol: | |
|---|---|
| Fformat: | Llyfr |
| Iaith: | Undetermined |
| Cyhoeddwyd: |
Madrid, España
Rivadeneyra
1875
|
| Rhifyn: | 2 edición |
| Cyfres: | Biblioteca de autores españoles, desde la formación del lenguaje hasta nuestros días
Tomo 42 |
| Pynciau: | |
| Mynediad Ar-lein: | Acceso al texto completo |
| Tagiau: |
Ychwanegu Tag
Dim Tagiau, Byddwch y cyntaf i dagio'r cofnod hwn!
|
MARC
| LEADER | 00000nam a2200000Ia 4500 | ||
|---|---|---|---|
| 008 | 170316s9999 xx 000 0 und d | ||
| 040 | |a cru BVZT | ||
| 090 | |a R-413 P-1p T.42 V.II BAE | ||
| 110 | |a Biblioteca de autores españoles | ||
| 245 | |a Poetas líricos de los siglos XVI y XVII |b colección ordenada por Adolfo de Castro |c Manuel Rivadeneya, editor ; Adolfo de Castro, compilador | ||
| 250 | |a 2 edición | ||
| 260 | |a Madrid, España | ||
| 260 | |b Rivadeneyra | ||
| 260 | |c 1875 | ||
| 300 | |a CX, 509 páginas |b Volumen II | ||
| 490 | |a Biblioteca de autores españoles, desde la formación del lenguaje hasta nuestros días |v Tomo 42 | ||
| 650 | |a REFERENCIA | ||
| 650 | |a POESÍA LÍRICA | ||
| 650 | |a LITERATURA CLÁSICA | ||
| 650 | |a ESPAÑA | ||
| 856 | |u https://babel.hathitrust.org/cgi/pt?id=hvd.32044058159492;view=1up;seq=11 |y Acceso al texto completo |z El enlace electrónico al texto completo difiere en el año al material impreso localizado en la biblioteca | ||
| 942 | |c REF | ||
| 999 | |c 14847 |d 14847 | ||
